Loading...

E-Finance The Future is Here

Bibliographic Details
Main Author: V C Joshi
Format: Printed Book
Published: New Delhi Response Books 2010
Edition:2nd
Subjects:
LEADER 00494nam a22001697a 4500
003 OSt
020 |a 9788132102458 
082 |a 332.1028  |b JOS/E-F 
100 |a V C Joshi 
245 |a E-Finance The Future is Here 
250 |a 2nd 
260 |a New Delhi  |b Response Books  |c 2010 
300 |a 189 
650 |a E-Trading 
942 |2 ddc  |c BK 
999 |c 188705  |d 188705 
952 |0 0  |1 0  |2 ddc  |4 0  |6 332_102800000000000_JOS_EF  |7 0  |9 194850  |a KAUCBV  |b KAUCBV  |d 2015-03-07  |g 0.00  |o 332.1028 JOS/E-F  |r 2015-03-07  |w 2015-03-07  |y BK